DEVELOPMENTAL GENETICS (Record no. 23934)

MARC details
000 -LEADER
fixed length control field 00430nam a22001577a 4500
003 - CONTROL NUMBER IDENTIFIER
control field OSt
005 - DATE AND TIME OF LATEST TRANSACTION
control field 20211224102749.0
008 - FIXED-LENGTH DATA ELEMENTS--GENERAL INFORMATION
fixed length control field 211224b |||||||| |||| 00| 0 eng d
020 ## - INTERNATIONAL STANDARD BOOK NUMBER
International Standard Book Number 8188237590
040 ## - CATALOGING SOURCE
Transcribing agency HU
100 ## - MAIN ENTRY--PERSONAL NAME
Personal name MIGLANI GURBACHAN S.
9 (RLIN) 24894
245 ## - TITLE STATEMENT
Title DEVELOPMENTAL GENETICS
260 ## - PUBLICATION, DISTRIBUTION, ETC.
Place of publication, distribution, etc. NEW DELHI
Name of publisher, distributor, etc. I.K. INTERNATIONAL PUBLISHING HOUSE PVT. LTD.
Date of publication, distribution, etc. 2006
300 ## - PHYSICAL DESCRIPTION
Extent XV 765 p.
Other physical details PC
Dimensions 28
942 ## - ADDED ENTRY ELEMENTS (KOHA)
Source of classification or shelving scheme Dewey Decimal Classification
Koha item type Books like text book referance book
Suppress in OPAC No
Holdings
Withdrawn status Lost status Source of classification or shelving scheme Damaged status Not for loan Collection code Home library Current library Shelving location Date acquired Total Checkouts Full call number Barcode Date last seen Copy number Price effective from Koha item type
    Dewey Decimal Classification     Reference Wondo Genet Library Wondo Genet Library General Stacks 12/24/2021   575.1 MIG 2006 WGCFNRL00009147 12/24/2021 1 12/24/2021 Books like text book referance book